Problemas actuales de la celebración de la penitencia

Guardat en:
Dades bibliogràfiques
Autor principal: Burgaleta Clemos, Jesús (Autor)
Format: Llibre
Idioma:espanyol
Publicat: Madrid Fundacion Santa Maria 1986
Col·lecció:Cátedra de Teología Contemporánea.Curso Sacramentos, 10
Matèries:
Etiquetes: Afegir etiqueta
Sense etiquetes, Sigues el primer a etiquetar aquest registre!

MARC

LEADER 00000nam a2200000 a 4500
001 UCW9264
003 CL-VaPUC
008 890109e19860000SP |||||||||||||||||spa|d
082 0 4 |a 234.5  |b BUR  |2 21 
100 0 |a Burgaleta Clemos, Jesús  |e author  |9 314476 
245 1 0 |a Problemas actuales de la celebración de la penitencia 
300 |a 92 p 
942 |c BK 
945 |d 19890109 00:00:00 
260 |a Madrid  |b Fundacion Santa Maria  |c 1986 
650 7 |a PENITENCIA SACRAMENTOS  |2 CL-VaPUC  |9 314477 
583 |a last modification  |c 19890109 00:00:00  |k Rodrigo Vera 
490 0 |a Cátedra de Teología Contemporánea.Curso Sacramentos, 10 
999 |c 221284  |d 221282 
952 |0 0  |1 0  |4 0  |6 234_500000000000000_BUR_1986  |7 0  |8 A  |9 214452  |a BIBTEO  |b BIBTEO  |d 2019-11-15  |i 2830426  |o 234.5 BUR 1986  |p 2830426  |r 2025-01-17  |w 2019-11-15  |y BK  |k ICR